Nkomo : (Record no. 774)
[ view plain ]
| 000 -LEADER | |
|---|---|
| fixed length control field | 01259cam a2200397 a 4500 |
| 001 - CONTROL NUMBER | |
| control field | 12614904 |
| 003 - CONTROL NUMBER IDENTIFIER | |
| control field | GZU |
| 005 - DATE AND TIME OF LATEST TRANSACTION | |
| control field | 20200915093647.0 |
| 008 - FIXED-LENGTH DATA ELEMENTS--GENERAL INFORMATION | |
| fixed length control field | 010920s2001 rh ab 001 0aeng |
| 010 ## - LIBRARY OF CONGRESS CONTROL NUMBER | |
| LC control number | 2001311057 |
| 020 ## - INTERNATIONAL STANDARD BOOK NUMBER | |
| International Standard Book Number | 1779051220 |
| 035 ## - SYSTEM CONTROL NUMBER | |
| System control number | (DLC) 2001311057 |
| 040 ## - CATALOGING SOURCE | |
| Original cataloging agency | DLC |
| Transcribing agency | DLC |
| Modifying agency | DLC |
| 042 ## - AUTHENTICATION CODE | |
| Authentication code | lcode |
| 043 ## - GEOGRAPHIC AREA CODE | |
| Geographic area code | f-rh--- |
| 050 00 - LIBRARY OF CONGRESS CALL NUMBER | |
| Classification number | DT2984.N56 |
| Item number | A3 2001 |
| 082 00 - DEWEY DECIMAL CLASSIFICATION NUMBER | |
| Classification number | 968.91/04/092 |
| -- | B |
| Edition number | 21 |
| 100 1# - MAIN ENTRY--PERSONAL NAME | |
| Personal name | Nkomo, Joshua. |
| 245 10 - TITLE STATEMENT | |
| Title | Nkomo : |
| Remainder of title | the story of my life / |
| Statement of responsibility, etc. | [Joshua Mqhabuko Nkomo]. |
| 250 ## - EDITION STATEMENT | |
| Edition statement | [2nd ed.]. |
| 260 ## - PUBLICATION, DISTRIBUTION, ETC. | |
| Place of publication, distribution, etc. | Harare : |
| Name of publisher, distributor, etc. | SAPES Books, |
| Date of publication, distribution, etc. | 2001. |
| 300 ## - PHYSICAL DESCRIPTION | |
| Extent | xv, 231 p. : |
| Other physical details | ill., maps ; |
| Dimensions | 24 cm. |
| 440 #0 - SERIES STATEMENT/ADDED ENTRY--TITLE | |
| Title | Pan African autobiography series |
| 500 ## - GENERAL NOTE | |
| General note | Originally published: London : Methuen, 1984. |
| 500 ## - GENERAL NOTE | |
| General note | Includes index. |
| 600 10 - SUBJECT ADDED ENTRY--PERSONAL NAME | |
| Personal name | Nkomo, Joshua. |
| 650 #0 - SUBJECT ADDED ENTRY--TOPICAL TERM | |
| Topical term or geographic name entry element | National liberation movements |
| Geographic subdivision | Zimbabwe |
| General subdivision | History. |
| 650 #0 - SUBJECT ADDED ENTRY--TOPICAL TERM | |
| Topical term or geographic name entry element | Statesmen |
| Geographic subdivision | Zimbabwe |
| Form subdivision | Biography. |
| 650 #0 - SUBJECT ADDED ENTRY--TOPICAL TERM | |
| Topical term or geographic name entry element | Vice-Presidents |
| Geographic subdivision | Zimbabwe |
| Form subdivision | Biography. |
| 651 #0 - SUBJECT ADDED ENTRY--GEOGRAPHIC NAME | |
| Geographic name | Zimbabwe |
| General subdivision | History |
| Chronological subdivision | 1965-1980. |
| 651 #0 - SUBJECT ADDED ENTRY--GEOGRAPHIC NAME | |
| Geographic name | Zimbabwe |
| General subdivision | History |
| Chronological subdivision | 1980- |
| 710 2# - ADDED ENTRY--CORPORATE NAME | |
| Corporate name or jurisdiction name as entry element | SAPES Trust. |
| 906 ## - LOCAL DATA ELEMENT F, LDF (RLIN) | |
| a | 7 |
| b | cbc |
| c | origode |
| d | 2 |
| e | ncip |
| f | 20 |
| g | y-gencatlg |
| 942 ## - ADDED ENTRY ELEMENTS (KOHA) | |
| Source of classification or shelving scheme | Library of Congress Classification |
| Koha item type | Books |
| Classification part | 2984 |
| Item part | NKO |
| Call number prefix | DT |
| Withdrawn status | Lost status | Damaged status | Not for loan | Collection code | Home library | Current library | Shelving location | Date acquired | Total Checkouts | Full call number | Barcode | Date last seen | Date last checked out | Copy number | Price effective from | Koha item type | Total Renewals |
|---|---|---|---|---|---|---|---|---|---|---|---|---|---|---|---|---|---|
| Fiction | City Campus Library | City Campus Library | General Stacks | 09/14/2020 | 1 | DT 2984 NKO 2001 | B017136 | 11/06/2025 | 10/24/2025 | c.1 | 09/14/2020 | Books | |||||
| Fiction | City Campus Library | City Campus Library | General Stacks | 09/15/2020 | 2 | DT 2984 NKO 2001 | B017153 | 11/17/2025 | 10/27/2025 | c.2 | 09/15/2020 | Books | 1 | ||||
| Fiction | Mashava Campus Library | Mashava Campus Library | General Stacks | 05/11/2021 | 1 | DT 2984 NKO 2001 | B016287 | 11/29/2023 | 11/22/2023 | C3 | 05/11/2021 | Books |